Ekonomika živočišné produkce ve SRN

Metodika tvorby kalkulačného vzorca pre výpočet nákladov a problém porovnania rentability konečnej výroby medzi ČSFR a SRN. Výpočet krycieho prínosu pri výkrme býkov. Výpočet zisku v podniku, zameranom na tržnú produkciu výkrmu býkov a obilnín. Vývoj cien hlavných poľnohospodárskych výrobkov v SRN v...

ver descrição completa

Na minha lista:
Detalhes bibliográficos
Autor principal: Hanák, A.
Formato: Capítulo de Livro
Idioma:tcheco
Assuntos:
Tags: Adicionar Tag
Sem tags, seja o primeiro a adicionar uma tag!

MARC

LEADER 00000naa a2200000 4500
001 r012127
005 20220826094529.4
041 0 |a cze 
044 |a SK 
245 1 0 |a Ekonomika živočišné produkce ve SRN  |c A. Hanák 
520 |a Metodika tvorby kalkulačného vzorca pre výpočet nákladov a problém porovnania rentability konečnej výroby medzi ČSFR a SRN. Výpočet krycieho prínosu pri výkrme býkov. Výpočet zisku v podniku, zameranom na tržnú produkciu výkrmu býkov a obilnín. Vývoj cien hlavných poľnohospodárskych výrobkov v SRN v období 1983-1991. Ceny vybraných poľnohospodárskych výrobkov v Bavorsku na prelome rokov 1991-1992. 
610 2 0 |a výroba živočíšna 
610 2 0 |a Nemecko 
610 2 0 |a Čechy 
610 2 0 |a ceny svetové 
610 2 0 |a ceny vnútorné 
610 2 0 |a kalkulácia nákladov 
610 2 0 |a subvencie 
610 2 0 |a zisk podnikový 
100 1 |a Hanák, A.